000 00665nam a2200217 a 4500
005 20191224041644.0
008 140306t2002 -CN||||gr|||| 00| 0 eng d
040 _aCO-BoIAVH
_cCO-BoIAVH
041 _aeng
044 _acn
082 0 4 _a333.7507
_bT85r
100 1 _aTrompson, Ian
245 1 _aReview of the status and trends of, and major threats to, forest biological diversity
260 _aMontreal
_bSCBD
_c2002
300 _a164 paginas.
_c27 x 21 cm.
650 6 _aBosques
650 6 _aConservación de bosques
650 6 _aBiodiversidad en bosques
650 6 _aUso sostenible del bosque
942 _cLIBRO
_2ddc
999 _c2637
_d2637